000 00528nam a2200169 a 4500
001 000032431
005 20200930065633.0
008 110718s2012 dr a 000 0 spa d
020 _a9789945489224
040 _aDO-SdBNP
_bspa
_cBNPHU
082 _axxxx
_bxxxx
100 1 _aClase, Pablo
_958392
245 1 0 _aMaría Montez :
_bmujer y estrella /
_cPablo Clase.
260 _aSanto Domingo, :
_bSantuario,
_c2012.
300 _a178 p. :
_bil. ;
_c23 cm.
500 _aIncluye datos biográficos del autor en la solapa de la cubierta
999 _c31922
_d31922